Biblioteca

Maryknoll's fifty years in Latin America (Registro nro. 70700)

Detalles MARC
000 -LÍDER
Campo fijo de descripción fija 01443nab a2200229 i 4500
001 - NÚMERO DE CONTROL
Campo de control 768714001
003 - IDENTIFICADOR DEL NÚMERO DE CONTROL
Campo de control CO-MdFUSB
005 - FECHA Y HORA DE LA ULTIMA TRANSACCIÓN
control field 20240801145451.0
008 - ELEMENTOS DE LONGITUD FIJA -- INFORMACIÓN GENERAL
Campo fijo de descripción fija -- Información general 240801t1992 -us||||| |||| 00| 0 eng d
040 ## - FUENTE DE CATALOGACIÓN
Idioma de catalogación spa
Agencia que realiza la transcripción CO-MdFUSB
Agencia que realiza la modificación CO-MdFUSB
041 ## - CÓDIGO DE IDIOMA
Código de idioma para texto/pista de sonido o título separado eng
100 ## - ASIENTO PRINCIPAL--NOMBRE PERSONAL
Nombre personal McDonald, Ellen M.,
Término relacionador autor
245 ## - TÍTULO
Título Maryknoll's fifty years in Latin America
Mención de responsabilidad / Ellen M. McDonald
520 ## - NOTA DE RESUMEN, ETC.
Nota de sumario, etc. La reflexión sobre el año 1992, año en que se conmemora el quinto centenario de la llegada de los europeos a las costas americanas, ha suscitado un gran interés y un gran diálogo misionero. Esto se debe en gran medida a los "descubrimientos" realizados en el continente americano durante el último medio siglo, que han aumentado nuestra sensibilidad hacia las necesidades de todos los americanos, tanto del Norte como del Sur. En ningún otro lugar parece esto más cierto que en Maryknoll, Nueva York, sede de la organización católica de envío de misioneros fundada en los Estados Unidos que comenzó a enviar misioneros a América Latina en abril de 1942.
546 ## - NOTA DE IDIOMA
Nota de idioma Texto en inglés.
650 #0 - ASIENTO SECUNDARIO DE MATERIA - TERMINO TEMÁTICO
Término temático o nombre geográfico como elemento de entrada Misiones
9 (RLIN) 154
650 #7 - ASIENTO SECUNDARIO DE MATERIA - TERMINO TEMÁTICO
Término temático o nombre geográfico como elemento de entrada Misioneros
9 (RLIN) 931
650 #0 - ASIENTO SECUNDARIO DE MATERIA - TERMINO TEMÁTICO
Término temático o nombre geográfico como elemento de entrada Evangelización
9 (RLIN) 362
773 0# - ASIENTO DE ITEM FUENTE
Biblionumber 49483
Itemnumber 82865
Otro identificador del ítem R2729
Título International Bulletinof Missionary Research
Número de control del registro (CO-MdFUSB)768714001
Número Internacional Normalizado para Publicaciones Seriadas (ISSN) 0272-6122
Parte(s) relacionada(s) / Volumen., número. (mes año), páginas Volumen 16, (número 4, 1992), páginas: 154 - 156
Enumeración y primera página página: 154
942 ## - TIPO DE MATERIAL (KOHA)
Tipo de Item KOHA Artículos de Revista
945 ## - INFORMACIÓN LOCAL DEL REGISTRO
Catalogador Catherine Arias Álvarez - Practicante SENA

No hay ítems disponibles.

Biblioteca FUSBC | Teléfono: (57+4) 349 88 10 Ext. 141| WhatsApp (+57) 3005338115 
E-mail: biblioteca@unisbc.edu.co | Calle 76 87-14 Robledo Palenque, Medellín, Colombia

Con tecnología Koha